[Event "78.Santo Camp. Veneto Quarti di Finale"]
[Site "Padova ITA"]
[Date "2019.02.16"]
[Round "3.21"]
[White "De Marzi, Davide"]
[Black "Quaranta, Cristiano"]
[Result "0-1"]
[WhiteElo "1704"]
[BlackElo "2149"]
[Annotator "Gabriele Ballarin"]
[PlyCount "60"]
[EventDate "2019.02.15"]
[EventType "swiss"]
[EventRounds "5"]
[EventCountry "ITA"]

{[%evp 0,60,32,32,32,-10,-14,-7,1,22,14,20,21,-21,1,-35,-6,-19,-18,4,7,14,12,-19,-12,-19,-29,-29,-29,-74,-62,-44,-47,-107,-113,-252,-284,-257,-250,-250,-226,-234,-127,-127,-135,-130,-131,-120,-112,-111,-121,-126,-131,-131,-131,-224,-224,-377,-375,-375,-394,-422,-410]} 1. d4 d5 2. c4 e6 3. Nc3 a6 4. Nf3 Nf6 5. Bg5 dxc4 6. a4 Nc6 7. e4 h6 8. Bxf6 Qxf6 9. Bxc4 Bb4 10. O-O O-O 11. Qb3 Qe7 12. Na2 Ba5 13. Rfd1 Bb6 14. Be2 Rd8 15. Qc4 e5 16. dxe5 Rxd1+ 17. Rxd1 Be6 18. Qc2 Bxa2 19. b3 Qa3 20. Bc4 Na5 21. Rd3 Bxb3 22. Bxb3 Nxb3 23. Qxb3 Qxb3 24. Rxb3 Rd8 25. Kf1 Rd1+ 26. Ke2 Ra1 27. Rb4 Ra2+ 28. Nd2 Rxd2+ 29. Kxd2 Ba5 30. Kc3 {=} c5 0-1

[Event "78.Santo Camp. Veneto Quarti di Finale"]
[Site "Padova ITA"]
[Date "2019.02.16"]
[Round "3.22"]
[White "Lezzerini, Marco"]
[Black "Desideri, Alessandro"]
[Result "1/2-1/2"]
[WhiteElo "2133"]
[BlackElo "1904"]
[Annotator "Gabriele Ballarin"]
[PlyCount "99"]
[EventDate "2019.02.15"]
[EventType "swiss"]
[EventRounds "5"]
[EventCountry "ITA"]

1. d4 f5 2. Nc3 Nf6 3. Bg5 d5 4. f3 c6 5. Qd2 Nbd7 6. e4 dxe4 7. fxe4 fxe4 8. Bc4 Nb6 9. Bb3 Bf5 10. Nge2 Qd7 11. O-O O-O-O 12. a4 e6 13. a5 Nbd5 14. a6 b5 15. Na2 Bd6 16. Rac1 e3 17. Qe1 Ng4 18. Ng3 Kb8 19. c4 bxc4 20. Bxc4 Rc8 21. Qd1 Ka8 22. Nc3 Nf2 23. Qe2 Bg4 24. Qe1 Nb6 25. Bxe3 Nxc4 26. Rxf2 Nxe3 27. Qxe3 Rhf8 28. Nce4 Rxf2 29. Nxf2 Bf5 30. Nxf5 exf5 31. Nd3 Qc7 32. h3 Qb6 33. Nc5 Bxc5 34. Rxc5 Qxb2 35. Kh2 Qb8+ 36. Qe5 f4 37. Qxb8+ Kxb8 38. Rf5 Kc7 39. Rf7+ Kb6 40. Rxg7 Rc7 41. Rg5 Rf7 42. Rh5 h6 43. Kg1 Kxa6 44. Kf2 Kb6 45. Ke2 a5 46. Kd3 f3 47. gxf3 Rxf3+ 48. Kc2 Rf6 49. Kb3 Rd6 50. Rh4 1/2-1/2

[Event "78.Santo Camp. Veneto Quarti di Finale"]
[Site "Padova ITA"]
[Date "2019.02.16"]
[Round "3.23"]
[White "Rosina, Graziano"]
[Black "Raccanello, Marianna"]
[Result "0-1"]
[WhiteElo "1738"]
[BlackElo "2029"]
[Annotator "Gabriele Ballarin"]
[PlyCount "64"]
[EventDate "2019.02.15"]
[EventType "swiss"]
[EventRounds "5"]
[EventCountry "ITA"]

1. Nf3 c5 2. c4 Nc6 3. Nc3 e5 4. g3 g6 5. Bg2 Bg7 6. O-O Nge7 7. d3 d6 8. Rb1 O-O 9. a3 a5 10. Nb5 d5 11. cxd5 Nxd5 12. Nd2 Rb8 13. Ne4 b6 14. Ned6 Be6 15. Bd2 Nd4 16. Nxd4 cxd4 17. Nb5 Qd7 18. a4 Rfc8 19. b4 Nc3 20. Bxc3 dxc3 21. Qc2 f5 22. bxa5 bxa5 23. Rfc1 e4 24. Rd1 Qd5 25. Nxc3 Rxb1 26. Nxd5 Rxc2 27. Ne7+ Kf7 28. Rxb1 Kxe7 29. dxe4 Rxe2 30. exf5 Bxf5 31. Rb7+ Kf8 32. Bf3 Re7 0-1

[Event "78.Santo Camp. Veneto Quarti di Finale"]
[Site "Padova ITA"]
[Date "2019.02.16"]
[Round "3.24"]
[White "Proietti Tocca, Tosca"]
[Black "Ongarelli, Marco"]
[Result "1/2-1/2"]
[WhiteElo "1824"]
[BlackElo "2021"]
[Annotator "Gabriele Ballarin"]
[PlyCount "99"]
[EventDate "2019.02.15"]
[EventType "swiss"]
[EventRounds "5"]
[EventCountry "ITA"]

1. e4 d5 2. exd5 Qxd5 3. Nc3 Qa5 4. d4 Nf6 5. Bc4 Bg4 6. f3 Bf5 7. Bd2 c6 8. Nd5 Qd8 9. Ne3 Bg6 10. Ne2 e6 11. Bb3 Nbd7 12. O-O Be7 13. Nf4 Qc7 14. g3 O-O 15. Nxg6 hxg6 16. Nc4 Nd5 17. Qe2 c5 18. c3 cxd4 19. cxd4 Bf6 20. Qe4 b5 21. Ba5 Qb8 22. Nd2 N7b6 23. Rac1 Qd6 24. Rc5 Ne7 25. Rxb5 Qxd4+ 26. Qxd4 Bxd4+ 27. Kg2 Ned5 28. Rc1 Bxb2 29. Bxd5 Bxc1 30. Bxa8 Bxd2 31. Be4 Be3 32. Bb4 Rd8 33. Ba5 Rd7 34. Rb3 Bc5 35. a4 f5 36. Bc6 Rd6 37. Be8 g5 38. Rc3 Bd4 39. Rc2 Nd5 40. Rc6 Rxc6 41. Bxc6 Kf7 42. Bd8 Bf6 43. Ba5 Ke7 44. Kf1 Kd6 45. Bb5 Bc3 46. Bd8 Bf6 47. Ba5 e5 48. Ke2 {=} e4 49. fxe4 fxe4 50. Be8 {Nur} 1/2-1/2

[Event "78.Santo Camp. Veneto Quarti di Finale"]
[Site "Padova ITA"]
[Date "2019.02.16"]
[Round "3.25"]
[White "Kacani, Kirk"]
[Black "Bordin, Silvia"]
[Result "1-0"]
[WhiteElo "2002"]
[BlackElo "1858"]
[Annotator "Gabriele Ballarin"]
[PlyCount "57"]
[EventDate "2019.02.15"]
[EventType "swiss"]
[EventRounds "5"]
[EventCountry "ITA"]

1. Nf3 d5 2. g3 e6 3. Bg2 c6 4. O-O Bd6 5. d3 Nf6 6. c4 O-O 7. b3 b6 8. Nbd2 Bb7 9. e4 e5 10. Bb2 d4 11. Nh4 Re8 12. f4 exf4 13. gxf4 Bf8 14. e5 Nfd7 15. Qg4 Nc5 16. Nf5 g6 17. Qg3 Ne6 18. Ne4 Kh8 19. Nf6 Be7 20. Nxe8 gxf5 21. Nd6 Bxd6 22. exd6 Qxd6 23. Rae1 Nd7 24. Kh1 Rg8 25. Qh4 Qc7 26. Rxe6 c5 27. Re2 Bxg2+ 28. Rxg2 Qc8 29. Qf2 1-0

[Event "78.Santo Camp. Veneto Quarti di Finale"]
[Site "Padova ITA"]
[Date "2019.02.16"]
[Round "3.26"]
[White "Pecci, William"]
[Black "Gola, Giorgio"]
[Result "0-1"]
[WhiteElo "1918"]
[BlackElo "1701"]
[Annotator "Gabriele Ballarin"]
[PlyCount "114"]
[EventDate "2019.02.15"]
[EventType "swiss"]
[EventRounds "5"]
[EventCountry "ITA"]

1. e4 e6 2. d3 d5 3. Nd2 c5 4. Ngf3 Nc6 5. g3 Nf6 6. Bg2 g6 7. O-O Bg7 8. Re1 O-O 9. c3 a5 10. Qc2 Bd7 11. Nb3 b6 12. Bd2 Rc8 13. Rad1 Re8 14. e5 Nh5 15. Bc1 Bh8 16. Qe2 Ng7 17. Bg5 Qc7 18. h4 Nf5 19. g4 Nfe7 20. d4 cxd4 21. cxd4 Bg7 22. Qe3 Nb4 23. Qf4 Qc2 24. Rd2 Qc4 25. Bf1 Qc7 26. a3 Nbc6 27. h5 a4 28. Bf6 Bf8 29. Ng5 axb3 30. Re3 Nd8 31. Rh3 Qc1 32. Nxh7 Bb5 33. Bxe7 Bxe7 34. hxg6 Qxf1+ 35. Kh2 Rc1 36. Kg3 fxg6 37. Nf6+ Bxf6 38. Qxf6 Qxh3+ 39. Kxh3 Kh7 40. f4 Rc7 41. Rh2 Rg7 42. Kg3+ Kg8 43. Rh6 Rf8 44. Qh4 Nf7 45. g5 Bd3 46. Qh2 {=} Nxh6 47. gxh6 Rgf7 48. Qh3 Bf5 49. Qh2 Kh7 50. Qd2 Be4 51. Qb4 Kxh6 52. Qxb6 Rxf4 53. Qxe6 Rf3+ 54. Kh2 Rf2+ 55. Kg3 R8f3+ 56. Kh4 Rh2+ 57. Kg4 Bf5+ 0-1

[Event "78.Santo Camp. Veneto Quarti di Finale"]
[Site "Padova ITA"]
[Date "2019.02.16"]
[Round "3.27"]
[White "Malfagia, Andrea"]
[Black "Garbezza, Davide"]
[Result "1-0"]
[WhiteElo "2206"]
[BlackElo "1885"]
[Annotator "Gabriele Ballarin"]
[PlyCount "71"]
[EventDate "2019.02.15"]
[EventType "swiss"]
[EventRounds "5"]
[EventCountry "ITA"]

1. d4 d5 2. c4 c6 3. Nf3 Nf6 4. e3 Bf5 5. Nc3 e6 6. Nh4 Bg6 7. Qb3 Qc7 8. Nxg6 hxg6 9. g3 Nbd7 10. Bg2 Be7 11. Bd2 O-O 12. O-O Rac8 13. Rac1 Qb8 14. Rfd1 Nb6 {=} 15. c5 Nbd7 16. e4 dxe4 17. Bf4 Qa8 18. Nxe4 Nxe4 19. Bxe4 Nf6 20. Bxg6 Nd5 21. Bb1 Rfd8 22. Be5 Bf6 23. Re1 Rd7 24. Qf3 Rcd8 25. Re4 Bxe5 26. dxe5 Qb8 27. Rce1 Qc7 28. Rg4 Ne7 29. Qf6 Ng6 30. Rxg6 fxg6 31. Qxe6+ Kf8 32. Bxg6 Rd1 33. Qf5+ Kg8 34. Rxd1 Rxd1+ 35. Kg2 Rd5 36. Qe6+ 1-0

[Event "78.Santo Camp. Veneto Quarti di Finale"]
[Site "Padova ITA"]
[Date "2019.02.16"]
[Round "3.28"]
[White "Ghods, Maziar"]
[Black "Zotti, Enrico"]
[Result "0-1"]
[WhiteElo "2031"]
[BlackElo "1790"]
[Annotator "Gabriele Ballarin"]
[PlyCount "104"]
[EventDate "2019.02.15"]
[EventType "swiss"]
[EventRounds "5"]
[EventCountry "ITA"]

1. d4 Nf6 2. Bg5 c5 3. d5 d6 4. Nc3 Nbd7 5. e4 g6 6. Nf3 Bg7 7. Be2 h6 8. Bf4 Nh5 9. Be3 a6 10. Nd2 Nhf6 11. a4 Ne5 12. h3 g5 13. Nc4 Nxc4 14. Bxc4 b6 15. O-O g4 16. h4 Nh5 17. Be2 Qd7 18. g3 Be5 19. Kg2 f5 20. exf5 Qxf5 21. Qd3 Qf7 22. Rad1 Bf5 23. Qc4 Qg6 24. Bd3 O-O 25. Bxf5 Rxf5 26. Qd3 Raf8 27. Rde1 Qg7 28. Qd2 Kh7 29. Qd3 Qg6 30. Qxa6 Rf3 31. Qd3 Qxd3 32. cxd3 R8f5 33. Ne4 Nf6 34. Nd2 Nxd5 35. Nxf3 Rxf3 36. Re2 Bxg3 37. Bc1 Bf4 38. Re4 e5 39. Rd1 Kg6 40. Be3 Kf5 41. Rg1 Bxe3 42. Rxe3 Nxe3+ 43. fxe3 Rxe3 44. Rf1+ Kg6 45. Rd1 Kh5 46. Rb1 Rxd3 47. b4 c4 48. a5 bxa5 49. b5 Rb3 50. Rf1 Rxb5 51. Kg3 Rb3+ 52. Kg2 Kxh4 0-1

[Event "78.Santo Camp. Veneto Quarti di Finale"]
[Site "Padova ITA"]
[Date "2019.02.16"]
[Round "3.29"]
[White "Garau, Francesca"]
[Black "Sibille, Ettore"]
[Result "1/2-1/2"]
[WhiteElo "1772"]
[BlackElo "1980"]
[Annotator "Gabriele Ballarin"]
[PlyCount "39"]
[EventDate "2019.02.15"]
[EventType "swiss"]
[EventRounds "5"]
[EventCountry "ITA"]

1. e4 c5 2. c3 g6 3. d4 cxd4 4. cxd4 d5 5. e5 Bg7 6. f4 Nc6 7. Nc3 Nh6 8. h3 Nf5 9. Nf3 e6 10. g4 Ng3 11. Rg1 Nxf1 12. Rxf1 O-O 13. Be3 Qb6 14. Qd2 Bd7 15. h4 Na5 16. b3 Rac8 17. h5 Qb4 18. Rc1 Rc7 19. Kf2 Rfc8 20. Ne2 1/2-1/2

[Event "78.Santo Camp. Veneto Quarti di Finale"]
[Site "Padova ITA"]
[Date "2019.02.16"]
[Round "3.30"]
[White "Marchioro, Michele"]
[Black "Toniolo, Samuel"]
[Result "0-1"]
[WhiteElo "1449"]
[BlackElo "1954"]
[Annotator "Gabriele Ballarin"]
[PlyCount "74"]
[EventDate "2019.02.15"]
[EventType "swiss"]
[EventRounds "5"]
[EventCountry "ITA"]

1. d4 Nf6 2. c4 e6 3. Nc3 Bb4 4. e3 c5 5. Nf3 Nc6 6. a3 Bxc3+ 7. bxc3 d6 8. Bd3 O-O 9. O-O e5 10. Qc2 h6 11. Bb2 Re8 12. dxe5 dxe5 13. Rad1 Qc7 14. Nd2 Be6 15. Nb3 e4 16. Be2 Ne5 17. Nd2 Nfg4 18. Qxe4 Nxc4 19. Bxg4 Nxb2 20. Rb1 Ba2 21. Qc2 Bxb1 22. Rxb1 Rad8 23. Rxb2 b6 24. Be2 Rd6 25. a4 Rg6 26. Nf3 Qc8 27. Nh4 Rf6 28. g3 Qh3 29. Qd3 Qe6 30. Qb5 Rd8 31. Qa6 g5 32. Ng2 Qe5 33. Qc4 Rfd6 34. Qb3 Rd2 35. Rxd2 Rxd2 36. Kf1 Qe4 37. Qc4 Rd1+ 0-1

[Event "78.Santo Camp. Veneto Quarti di Finale"]
[Site "Padova ITA"]
[Date "2019.02.16"]
[Round "3.31"]
[White "Ottaviani, Gianluca"]
[Black "Gaudiosi, Andrea"]
[Result "1-0"]
[WhiteElo "1906"]
[BlackElo "1684"]
[Annotator "Gabriele Ballarin"]
[PlyCount "36"]
[EventDate "2019.02.15"]
[EventType "swiss"]
[EventRounds "5"]
[EventCountry "ITA"]

1. e4 c6 2. d4 d5 3. Nc3 dxe4 4. Nxe4 Bf5 5. Ng3 Bg6 6. h4 h6 7. Nf3 Nd7 8. h5 Bh7 9. Bd3 Bxd3 10. Qxd3 e6 11. Bd2 Ngf6 12. O-O-O c5 13. Qe2 Be7 14. c4 Rc8 15. d5 O-O 16. dxe6 Nb6 17. exf7+ Rxf7 18. Ne5 Rf8 1-0

[Event "78.Santo Camp. Veneto Quarti di Finale"]
[Site "Padova ITA"]
[Date "2019.02.17"]
[Round "4.1"]
[White "Basso, Pier Luigi"]
[Black "Gilevych, Artem"]
[Result "1-0"]
[WhiteElo "2512"]
[BlackElo "2403"]
[Annotator "Gabriele Ballarin"]
[PlyCount "85"]
[EventDate "2019.02.15"]
[EventType "swiss"]
[EventRounds "5"]
[EventCountry "ITA"]

1. d4 d5 2. c4 e6 3. Nf3 Bb4+ 4. Nc3 c6 5. g3 dxc4 6. Bg2 Nd7 7. O-O Ngf6 8. a3 Be7 9. e4 O-O 10. Bf4 a5 11. Re1 Ra6 12. a4 Rb6 13. Qc2 Ra6 14. Bf1 b6 15. Bxc4 Ra7 16. Rad1 Bb4 17. e5 Nd5 18. Ng5 g6 19. Bd2 Nxc3 20. bxc3 Be7 21. Ne4 Bb7 22. h4 Qa8 23. Bg5 Bxg5 24. hxg5 c5 25. Nf6+ Nxf6 26. gxf6 Bh1 27. d5 exd5 28. Kxh1 dxc4+ 29. Kg1 Rd8 30. Rd6 Rdd7 31. Qd2 Qd8 32. Rd1 Rxd6 33. Qxd6 Qxd6 34. exd6 Rd7 35. Kg2 Kf8 36. Kf3 Ke8 37. Ke4 b5 38. axb5 Rb7 39. Kd5 Kd7 40. Kxc5 a4 41. Re1 a3 42. Re7+ Kc8 43. Kc6 1-0

[Event "78.Santo Camp. Veneto Quarti di Finale"]
[Site "Padova ITA"]
[Date "2019.02.17"]
[Round "4.2"]
[White "Sonis, Francesco"]
[Black "Calavalle, Giulio"]
[Result "1-0"]
[WhiteElo "2477"]
[BlackElo "2274"]
[Annotator "Gabriele Ballarin"]
[PlyCount "75"]
[EventDate "2019.02.15"]
[EventType "swiss"]
[EventRounds "5"]
[EventCountry "ITA"]

1. Nf3 Nf6 2. c4 c5 3. Nc3 Nc6 4. d4 cxd4 5. Nxd4 g6 6. e4 Bg7 7. Be3 O-O 8. Be2 d6 9. O-O Bd7 10. h3 Nxd4 11. Bxd4 Bc6 12. Qc2 Nd7 13. Bxg7 Kxg7 14. b4 b6 15. Rad1 Rc8 16. f4 Qc7 17. Qd3 Nf6 18. g4 a5 19. g5 Nd7 20. a3 axb4 21. axb4 Ra8 22. Qd4+ Kg8 23. Rd3 Rfb8 24. Rfd1 Rd8 25. h4 Nf8 26. Qf2 Nd7 27. h5 Kg7 28. Rh3 Rh8 29. h6+ Kf8 30. Qd4 Rg8 31. Bg4 Ke8 32. Rhd3 f6 33. Nd5 Qd8 34. Nxf6+ Nxf6 35. gxf6 Rf8 36. e5 Ra2 37. Bh3 Ba4 38. Re1 1-0

[Event "78.Santo Camp. Veneto Quarti di Finale"]
[Site "Padova ITA"]
[Date "2019.02.17"]
[Round "4.3"]
[White "Negro, Roberto"]
[Black "Loiacono, Leonardo"]
[Result "0-1"]
[WhiteElo "2141"]
[BlackElo "2249"]
[Annotator "Gabriele Ballarin"]
[PlyCount "94"]
[EventDate "2019.02.15"]
[EventType "swiss"]
[EventRounds "5"]
[EventCountry "ITA"]

1. d4 d5 2. Nf3 Nf6 3. e3 c5 4. c3 Qc7 5. Nbd2 g6 6. Bd3 Bg7 7. O-O O-O 8. Qe2 Nbd7 9. e4 dxe4 10. Nxe4 Nxe4 11. Bxe4 Nf6 12. Bc2 cxd4 13. Nxd4 e5 14. Nb5 Qb8 15. c4 Be6 16. Bg5 a6 17. Nc3 Nd7 18. Rad1 f6 19. Bc1 f5 20. Nd5 Bxd5 21. Rxd5 Qc7 22. b3 Rf7 23. Ba3 Bf8 24. Bb2 Re8 25. Rfd1 e4 26. Qd2 Ne5 27. Bxe5 Rxe5 28. Rxe5 Qxe5 29. Qd4 Qxd4 30. Rxd4 Rc7 31. Kf1 Kf7 32. Ke2 Ke6 33. Rd8 Bd6 34. g3 h5 35. f3 exf3+ 36. Kxf3 Be7 37. Rd2 Bb4 38. Rd8 Kf6 39. Bd3 Bc5 40. Be2 Re7 41. Rd3 g5 42. Bf1 g4+ 43. Kg2 Re1 44. b4 Bxb4 45. Rb3 Bc5 46. Rxb7 h4 47. gxh4 f4 0-1

[Event "78.Santo Camp. Veneto Quarti di Finale"]
[Site "Padova ITA"]
[Date "2019.02.17"]
[Round "4.4"]
[White "Simonetto, Andrea"]
[Black "Loiacono, Antonio"]
[Result "1-0"]
[WhiteElo "2222"]
[BlackElo "2168"]
[Annotator "Gabriele Ballarin"]
[PlyCount "75"]
[EventDate "2019.02.15"]
[EventType "swiss"]
[EventRounds "5"]
[EventCountry "ITA"]

1. Nf3 d5 2. e3 Nf6 3. c4 c6 4. Nc3 e6 5. d4 Nbd7 6. Bd2 b6 7. Bd3 Bb7 8. cxd5 exd5 9. O-O Bd6 10. Rc1 O-O 11. e4 dxe4 12. Nxe4 Be7 13. Bf4 Nd5 14. Bd6 N7f6 15. Bxe7 Qxe7 16. Re1 Nxe4 17. Bxe4 Qd6 18. Ne5 f6 19. Qh5 f5 20. Bxf5 g6 21. Bxg6 hxg6 22. Nxg6 Qf6 23. Nxf8 Rxf8 24. Qg4+ Kh8 25. Qh3+ Kg7 26. Qg3+ Kh7 27. Re4 Nf4 28. Rce1 Rf7 29. Rxf4 Qxf4 30. Qxf4 Rxf4 31. Re7+ Kg6 32. Rxb7 Rxd4 33. g3 Rd2 34. Rxa7 Rxb2 35. Rc7 Rc2 36. a4 Kf5 37. Rb7 Rb2 38. a5 1-0

[Event "78.Santo Camp. Veneto Quarti di Finale"]
[Site "Padova ITA"]
[Date "2019.02.17"]
[Round "4.5"]
[White "Dobboletta, Alex"]
[Black "Vianello, Enrico"]
[Result "1-0"]
[WhiteElo "2171"]
[BlackElo "2097"]
[Annotator "Gabriele Ballarin"]
[PlyCount "51"]
[EventDate "2019.02.15"]
[EventType "swiss"]
[EventRounds "5"]
[EventCountry "ITA"]

1. d4 Nf6 2. Nf3 e6 3. e3 b6 4. Bd3 Bb7 5. O-O Be7 6. c4 O-O 7. Nc3 d5 8. Qe2 Nbd7 9. Rd1 Rc8 10. Ne5 Nxe5 11. dxe5 Nd7 12. cxd5 exd5 13. Bf5 c6 14. e4 Bb4 15. exd5 Bxc3 16. bxc3 cxd5 17. e6 Qe7 18. Re1 Rce8 19. Ba3 Nc5 20. Bxc5 bxc5 21. exf7+ Rxf7 22. Bxh7+ Kf8 23. Qd2 Qf6 24. Rxe8+ Kxe8 25. Qe3+ Qe7 26. Bg6 1-0

[Event "78.Santo Camp. Veneto Quarti di Finale"]
[Site "Padova ITA"]
[Date "2019.02.17"]
[Round "4.6"]
[White "Cappelletto, Joshuaede"]
[Black "Dvirnyy, Danyyil"]
[Result "0-1"]
[WhiteElo "2105"]
[BlackElo "2487"]
[Annotator "Gabriele Ballarin"]
[PlyCount "104"]
[EventDate "2019.02.15"]
[EventType "swiss"]
[EventRounds "5"]
[EventCountry "ITA"]

1. e4 e6 2. d4 d5 3. Nc3 Nf6 4. e5 Nfd7 5. f4 c5 6. Nf3 Be7 7. Be3 b6 8. dxc5 bxc5 9. Bf2 Nc6 10. Bd3 Rb8 11. Rb1 Rb4 12. Qd2 O-O 13. a3 Rb8 14. O-O f6 15. exf6 Nxf6 16. Rfe1 Ng4 17. Bg3 c4 18. Bf1 d4 19. Ne4 Ne3 20. Rxe3 dxe3 21. Qxe3 Qb6 22. Qxb6 Rxb6 23. Bxc4 Bxa3 24. Bb3 Be7 25. Bf2 Rb8 26. Nfg5 Rxf4 27. Bg3 Rxb3 28. Bxf4 Rb5 29. Nf3 Rb4 30. Nfd2 e5 31. Be3 Bf5 32. Nc3 Bf8 33. Rf1 Bxc2 34. Rxf8+ Kxf8 35. Bc5+ Kf7 36. Bxb4 Nxb4 37. Nc4 Nc6 38. Kf2 Bd3 39. Nd2 Ke6 40. Ke3 Bc2 41. g4 Ne7 42. Nc4 Bb3 43. Na5 Nd5+ 44. Kd2 Nxc3 45. Nxb3 Na4 46. Kc2 Kd5 47. Nd2 Nc5 48. b3 Ne4 49. Nc4 Nd6 50. Ne3+ Ke4 51. Kd2 Kf3 52. h4 Ne4+ 0-1

[Event "78.Santo Camp. Veneto Quarti di Finale"]
[Site "Padova ITA"]
[Date "2019.02.17"]
[Round "4.7"]
[White "Granaldi, Alessandro"]
[Black "Rossi, Carlo"]
[Result "1-0"]
[WhiteElo "2087"]
[BlackElo "2256"]
[Annotator "Gabriele Ballarin"]
[PlyCount "45"]
[EventDate "2019.02.15"]
[EventType "swiss"]
[EventRounds "5"]
[EventCountry "ITA"]

1. d4 Nc6 2. d5 Ne5 3. f4 Ng6 4. e4 e5 5. dxe6 fxe6 6. Nf3 Bc5 7. Nc3 Nf6 8. e5 Ng4 9. Ne4 Be3 10. h3 Bxc1 11. Qxc1 Nh6 12. Qd2 O-O 13. g3 d5 14. exd6 cxd6 15. Qxd6 Qa5+ 16. Qd2 Qa4 17. Nc3 Qb4 18. O-O-O Nf5 19. Rg1 b5 20. Nxb5 Qa4 21. Na3 Rb8 22. Bc4 h6 23. g4 {Nur} 1-0

[Event "78.Santo Camp. Veneto Quarti di Finale"]
[Site "Padova ITA"]
[Date "2019.02.17"]
[Round "4.8"]
[White "Grandesso, Emanuele"]
[Black "Vancini, Edoardo"]
[Result "0-1"]
[WhiteElo "2076"]
[BlackElo "2214"]
[Annotator "Gabriele Ballarin"]
[PlyCount "58"]
[EventDate "2019.02.15"]
[EventType "swiss"]
[EventRounds "5"]
[EventCountry "ITA"]

1. d4 Nf6 2. g3 c5 3. dxc5 Qa5+ 4. Nd2 Qxc5 5. Bg2 d5 6. Ngf3 Nc6 7. Nb3 Qd6 8. Nbd4 g6 9. O-O Bg7 10. b3 Ne4 11. Bb2 O-O 12. e3 Rd8 13. a4 Bg4 14. Nb5 Qd7 15. Bxg7 Kxg7 16. Qc1 Rac8 17. Qb2+ f6 18. c3 e5 19. Rfc1 a6 20. Na3 Nc5 21. Ne1 e4 22. Nac2 Ne5 23. Bf1 Bh3 24. b4 Bxf1 25. bxc5 Qh3 26. Nd4 Nd3 27. Qxb7+ Kh6 28. Qxa6 Rc6 29. Nxc6 Nxe1 0-1

[Event "78.Santo Camp. Veneto Quarti di Finale"]
[Site "Padova ITA"]
[Date "2019.02.17"]
[Round "4.9"]
[White "Ridolfo, Enrico"]
[Black "Carlo, Emanuele"]
[Result "1-0"]
[WhiteElo "2055"]
[BlackElo "2206"]
[Annotator "Gabriele Ballarin"]
[PlyCount "87"]
[EventDate "2019.02.15"]
[EventType "swiss"]
[EventRounds "5"]
[EventCountry "ITA"]

1. f4 d5 2. Nf3 Nf6 3. g3 g6 4. Bg2 Bg7 5. d3 O-O 6. O-O c5 7. c3 Nc6 8. Na3 b6 9. Nc2 Bb7 10. Rb1 Qc7 11. Bd2 e5 12. fxe5 Nxe5 13. b4 c4 14. Nxe5 Qxe5 15. Bf3 Bc8 16. Ne3 Bh3 17. Re1 Rac8 18. b5 Rfd8 19. Rb4 Qd6 20. Qb1 {=} Ne4 21. Bxe4 dxe4 22. Nxc4 Qc5+ 23. d4 Qc7 24. Qxe4 Bf8 25. Ra4 Bf5 26. Qf3 Bc2 27. Bf4 Qe7 28. Bd6 Rxd6 29. Nxd6 Rd8 30. Nxf7 Bxa4 31. Nxd8 Qxd8 32. Rf1 Qe7 33. Qd5+ Kg7 34. e4 Bc2 35. Rf4 h6 36. h4 Qc7 37. Qe6 Qe7 38. Qd5 h5 39. Qc6 Bd1 40. e5 Bg4 41. Rf6 Bf5 42. Rd6 g5 43. Qf3 Qf7 44. Rf6 1-0

[Event "78.Santo Camp. Veneto Quarti di Finale"]
[Site "Padova ITA"]
[Date "2019.02.17"]
[Round "4.10"]
[White "Giuriati, Paolo"]
[Black "Pacini, Ermanno"]
[Result "1-0"]
[WhiteElo "2055"]
[BlackElo "2060"]
[Annotator "Gabriele Ballarin"]
[PlyCount "71"]
[EventDate "2019.02.15"]
[EventType "swiss"]
[EventRounds "5"]
[EventCountry "ITA"]

1. d4 Nf6 2. Bf4 c5 3. e3 g6 4. Nd2 Bg7 5. c3 b6 6. Ngf3 Bb7 7. Be2 O-O 8. O-O d5 9. Qb3 Nbd7 10. h3 Ne8 11. a4 Nd6 12. a5 Kh8 13. Rfd1 f6 14. Bxd6 exd6 15. Bb5 Rb8 16. a6 Ba8 17. Qa4 Rf7 18. b4 f5 19. Bxd7 Rxd7 20. b5 Qf6 21. Nf1 Re7 22. g3 Rg8 23. h4 Bh6 24. Kg2 Re4 25. N3d2 f4 26. exf4 cxd4 27. Nxe4 dxe4 28. Qxd4 Qxd4 29. Rxd4 d5 30. Ne3 Rc8 31. Rad1 Rc5 32. Rxd5 Bxd5 33. Rxd5 Bf8 34. Rd8 Kg7 35. Rd7+ Kf6 36. c4 1-0

[Event "78.Santo Camp. Veneto Quarti di Finale"]
[Site "Padova ITA"]
[Date "2019.02.17"]
[Round "4.11"]
[White "Bernardini, Tommaso"]
[Black "Bergamasco, Tommaso"]
[Result "1/2-1/2"]
[WhiteElo "2036"]
[BlackElo "2162"]
[Annotator "Gabriele Ballarin"]
[PlyCount "143"]
[EventDate "2019.02.15"]
[EventType "swiss"]
[EventRounds "5"]
[EventCountry "ITA"]

1. e4 d6 2. d4 Nf6 3. Nc3 c6 4. Bg5 Qa5 5. Bxf6 exf6 6. Nf3 g6 7. h3 Bg7 8. Bd3 O-O 9. O-O Na6 10. a3 Qh5 11. Ne2 Re8 12. Re1 Qa5 13. Ng3 Nc7 14. b4 Qb6 15. c4 Ne6 16. c5 Qc7 17. d5 Nf8 18. Rc1 Bd7 19. Bb1 Rad8 20. Qd2 cxd5 21. exd5 f5 22. Rxe8 Rxe8 23. Nd4 Qd8 24. c6 Bc8 25. Nge2 a6 26. a4 Qh4 27. f4 Qd8 28. b5 axb5 29. axb5 Qb6 30. Kh2 h5 31. Ba2 Nh7 32. Bc4 Nf6 33. Nf3 Ne4 34. Qb4 Qe3 35. Qb3 Qf2 36. Qb4 Bh6 37. Qe1 Qe3 38. Qh4 Bg7 39. Qe1 Bh6 40. Qh4 b6 41. Rb1 Bg7 42. Qe1 g5 43. Qg1 gxf4 44. Qxe3 fxe3 45. Rb3 Nd2 46. Rb4 Re4 47. Ra4 Nxc4 48. Ng3 Be5 49. Nxe5 Rxe5 50. Rxc4 e2 51. Nxe2 Rxe2 52. Ra4 Re8 53. Kg3 Kg7 54. Ra8 Kf8 55. Kf4 Re4+ 56. Kg3 Re8 57. Kf4 Ke7 58. Ra7+ Kd8 59. Rxf7 Re5 60. c7+ Ke8 61. Rh7 Re7 62. Rxh5 Kd7 63. Kxf5 Kxc7+ 64. Kf6 Re2 65. Rh7+ Bd7 66. g4 Rf2+ 67. Ke7 Re2+ 68. Kf6 Rf2+ 69. Ke7 Rg2 70. Kf6 Rf2+ 71. Ke7 Re2+ 72. Kf6 1/2-1/2

[Event "78.Santo Camp. Veneto Quarti di Finale"]
[Site "Padova ITA"]
[Date "2019.02.17"]
[Round "4.12"]
[White "Marzocchi, Tommaso"]
[Black "Piccinno, Matteo"]
[Result "1-0"]
[WhiteElo "2155"]
[BlackElo "2001"]
[Annotator "Gabriele Ballarin"]
[PlyCount "71"]
[EventDate "2019.02.15"]
[EventType "swiss"]
[EventRounds "5"]
[EventCountry "ITA"]

1. e4 c5 2. Nf3 Nc6 3. d4 cxd4 4. Nxd4 g6 5. c4 Bg7 6. Nc2 Nf6 7. Nc3 d6 8. Be2 O-O 9. O-O a5 10. Be3 Bd7 11. Rc1 Rc8 12. f3 Ne5 13. Na3 Bc6 14. Nab5 Ned7 15. Qd2 Nc5 16. e5 Ne8 17. exd6 Bxc3 18. Qxc3 Bxb5 19. cxb5 Nxd6 20. Bxc5 b6 21. Qe3 bxc5 22. Rxc5 Qb6 23. Rc3 Qxe3+ 24. Rxe3 Rc2 25. Rb1 Nf5 26. Re4 Rd8 27. Bd1 Rc5 28. a4 e5 29. b4 axb4 30. Rexb4 Ne3 31. Be2 Rd2 32. R4b2 Rd4 33. b6 Rd8 34. b7 Rb8 35. a5 Rxa5 36. Rc1 1-0